000 01333nam0a22002651 4500
001 v19\rc\1743888
005 20061204152442.3
035 _a(NLR Aleph) 004850198
090 _a4913165
_c4913165
100 _a20061204d1902 |||y0rusy50 ca
101 0 _arus
102 _aRU
105 _ay z |||||
200 1 _aКонспект военной администрации к курсу старшего класса Николаевской академии Генерального штаба
_eПо лекциям проф. ген-майора Макшеева сост.: ш.-к. Абутков, пор. Андрианов, шт.-к. Арцишевский [и др.]
_e[Ответы на экзаменационные билеты]
210 _aСанкт-Петербург
_c"Центральная" типо-лит. М.Я. Минкова
_d1902
215 _a150 с.
_d24
702 1 _aМакшеев
_bФ. А.
_f1855-
_gФедор Андреевич
_4100
702 1 _aАбутков
_bН. В.
_f1873-
_gНиколай Владимирович
_4220
702 1 _aАрцишевский
_4220
712 0 2 _aНиколаевская военная академия
_cПетербург
_3RU\NLR\AUTH\889202
801 0 _aRU
_bNLR
_gpsbo
801 1 _aRU
_bProSoft-M
_2rusmarc
852 _aNLR
_j34.9.2.34
942 _cBOOK
980 _aNB